MARC details
| 000 -LEADER |
| fixed length control field |
03476cam a22004097i 4500 |
| 001 - CONTROL NUMBER |
| control field |
22478202 |
| 003 - CONTROL NUMBER IDENTIFIER |
| control field |
CSPC |
| 005 - DATE AND TIME OF LATEST TRANSACTION |
| control field |
20251120102530.0 |
| 008 - FIXED-LENGTH DATA ELEMENTS--GENERAL INFORMATION |
| fixed length control field |
220324s2022 maua b 001 0 eng |
| 010 ## - LIBRARY OF CONGRESS CONTROL NUMBER |
| LC control number |
2022935502 |
| 020 ## - INTERNATIONAL STANDARD BOOK NUMBER |
| International Standard Book Number |
9780137843107 |
| Qualifying information |
(paperback) |
| 035 ## - SYSTEM CONTROL NUMBER |
| System control number |
22478202 |
| 040 ## - CATALOGING SOURCE |
| Original cataloging agency |
DLC |
| Language of cataloging |
eng |
| Description conventions |
rda |
| Transcribing agency |
DLC |
| Modifying agency |
DLC |
| -- |
CSPC |
| 050 04 - LIBRARY OF CONGRESS CALL NUMBER |
| Classification number |
QA76.76.H94 |
| Item number |
D65 2022 |
| 082 04 - DEWEY DECIMAL CLASSIFICATION NUMBER |
| Edition number |
23 |
| Classification number |
006.74 |
| Item number |
D714l |
| 100 1# - MAIN ENTRY--PERSONAL NAME |
| Personal name |
Donahoe, Lee, |
| Relator term |
author. |
| 245 10 - TITLE STATEMENT |
| Title |
Learn enough HTML, CSS and layout to be dangerous : |
| Remainder of title |
an introduction to modern website creation and templating systems / |
| Statement of responsibility, etc. |
Lee Donahoe and Michael Hartl. |
| 264 #1 - PRODUCTION, PUBLICATION, DISTRIBUTION, MANUFACTURE, AND COPYRIGHT NOTICE |
| Place of production, publication, distribution, manufacture |
Boston : |
| Name of producer, publisher, distributor, manufacturer |
Pearson/Addison-Wesley, |
| Date of production, publication, distribution, manufacture, or copyright notice |
2022. |
| 300 ## - PHYSICAL DESCRIPTION |
| Extent |
xxiii, 655 pages : |
| Other physical details |
illustrations (chiefly color) ; |
| Dimensions |
24 cm. |
| 336 ## - CONTENT TYPE |
| Content type term |
text |
| Content type code |
txt |
| Source |
rdacontent |
| 337 ## - MEDIA TYPE |
| Media type term |
unmediated |
| Media type code |
n |
| Source |
rdamedia |
| 338 ## - CARRIER TYPE |
| Carrier type term |
volume |
| Carrier type code |
nc |
| Source |
rdacarrier |
| 490 0# - SERIES STATEMENT |
| Series statement |
Learn enough series |
| 500 ## - GENERAL NOTE |
| General note |
Minimal Level Cataloging Plus. |
| Institution to which field applies |
DLC |
| 504 ## - BIBLIOGRAPHY, ETC. NOTE |
| Bibliography, etc. note |
Includes bibliographical references and index. |
| 505 0# - FORMATTED CONTENTS NOTE |
| Formatted contents note |
Part I. Hypertext markup language -- Basic HTML -- Filling in the index page -- More pages, more tags -- Inline styling -- Part II. Cascading style sheets and page layout -- Introduction to CSS -- The style of style -- CSS values: color and sizing -- The box model -- Laying it all out -- Page templates and frontmatter -- Specialty page layouts with flexbox -- Adding a blog -- Mobile media queries -- Adding more little touches -- CSS grid -- Part III. Custom domains -- A name of our own -- Custom email. |
| 520 ## - SUMMARY, ETC. |
| Summary, etc. |
"To design, build, and deploy modern websites, you need three core skills: the ability to write and edit HTML, wield CSS to control page design, and create efficient web layouts that serve users well. But you don't need to learn "everything" about HTML, CSS and web layout, just how to use them efficiently to solve real problems. In Learn Enough HTML, CSS and Layout to be Dangerous, expert developer Lee Donahoe and renowned instructor Michael Hartl teach the specific concepts, skills, and approaches you need to get the job done. Even if you've never created a web page, the authors help you quickly build technical sophistication and master the lore you need to succeed. Focused exercises help you internalize what matters, without wasting time on details pros don't care about. Coverage includes: deploying a simple but real website to the live Web right away; adding advanced styling to websites, including CSS Flexbox and CSS Grid; installing and configuring Jekyll, a static site generator; getting started with templating systems and programming languages; mastering key layout principles for web design; registering and configuring custom domains, with custom URLs and email addresses; receiving email at your domain with Google's G Suite; setting up analytics to better understand your site's visitors; and making all these technologies work well together"-- |
| Assigning source |
Provided by publisher. |
| 650 #0 - SUBJECT ADDED ENTRY--TOPICAL TERM |
| Topical term or geographic name entry element |
HTML (Document markup language). |
| 650 #0 - SUBJECT ADDED ENTRY--TOPICAL TERM |
| Topical term or geographic name entry element |
Cascading style sheets. |
| 650 #0 - SUBJECT ADDED ENTRY--TOPICAL TERM |
| Topical term or geographic name entry element |
Web sites |
| General subdivision |
Design. |
| 650 #0 - SUBJECT ADDED ENTRY--TOPICAL TERM |
| Topical term or geographic name entry element |
Web site development. |
| 700 1# - ADDED ENTRY--PERSONAL NAME |
| Personal name |
Hartl, Michael, |
| Relator term |
author. |
| 906 ## - LOCAL DATA ELEMENT F, LDF (RLIN) |
| a |
7 |
| b |
cbc |
| c |
copycat |
| d |
4 |
| e |
ncip |
| f |
20 |
| g |
y-gencatlg |
| 942 ## - ADDED ENTRY ELEMENTS (KOHA) |
| Source of classification or shelving scheme |
Dewey Decimal Classification |
| Koha item type |
Books |
| Edition |
23 |
| Classification part |
006.74 |
| Item part |
D714l |
| Call number prefix |
GRD |
| Call number suffix |
2022 |
| Suppress in OPAC |
No |